| 000 | 00547cam a2200229 4500 | ||
|---|---|---|---|
| 001 | J96818 | ||
| 008 | 090401t2001 xxu||||| |||| 00| 0 eng d | ||
| 035 | _a(Sirsi) u91483 | ||
| 041 | _aeng | ||
| 050 | _a340.57025 | ||
| 110 |
_aPlanning and Environment Bar Association _9497 |
||
| 245 | _aPEBA 2001 handbook. | ||
| 260 |
_aLondon _bPEBA _c2001 |
||
| 300 | _a67p. ; 21cm. | ||
| 650 | _aBARRISTERS | ||
| 650 | _aDIRECTORIES | ||
| 650 | _aENVIRONMENT LAW | ||
| 650 | _aPLANNING LAW | ||
| 690 | _aLAW | ||
| 942 | _n0 | ||
| 948 | _c19/02/1999 | ||
| 999 |
_c97644 _d97644 |
||